Intelligent business coursebook

Na minha lista:
Detalhes bibliográficos
Formato: Livro
Publicado em: 2006
Tags: Adicionar Tag
Sem tags, seja o primeiro a adicionar uma tag!
Thư viện lưu trữ: Mạng thư viện Đại học Đà Nẵng
LEADER 00440nam a22001811a 4500
001 000038455
003 14750
005 20160412021314.0
008 160412s2006 000
082 |a 4A(07)2564 
245 |a Intelligent business coursebook  |c Tonya Traappe 
260 |c 2006 
OWN |a LNN 
999 |a From the UDN01 
TYP |a Monograph 
980 |a Mạng thư viện Đại học Đà Nẵng